000 00285nam a2200133Ia 4500
100 _aVijayvergiya/P.N
942 _cBK
654 _amachine
245 _aMachine Drawing
260 _bNew Asia Publishers
_aDelhi
_c1977
082 _a604.24
_bVIJ
300 _a312
546 _aENGLISH
999 _c35564
_d35564